[Event "IRQ-chT 29th"]
[Site "Baghdad"]
[Date "2017.03.23"]
[Round "8"]
[White "Abaeji, Sinan Younus Abdulr"]
[Black "Sadek, Sameh"]
[Result "0-1"]
[WhiteElo "2178"]
[BlackElo "2315"]
[PlyCount "94"]
[EventDate "2017.03.09"]
[EventType "team-match"]
[EventRounds "11"]
[EventCountry "IRQ"]
[SourceTitle "CBM 177 Extra"]
[Source "ChessBase"]
[SourceDate "2017.04.27"]
[SourceVersion "1"]
[SourceVersionDate "2017.04.27"]
[SourceQuality "1"]
[WhiteTeam "Al Qadissiya"]
[BlackTeam "Peshmarga"]
[WhiteTeamCountry "IRQ"]
[BlackTeamCountry "IRQ"]

1. d4 d5 2. c4 c6 3. Nf3 Nf6 4. Nc3 dxc4 5. a4 Bf5 6. e3 e6 7. Ne5 Nbd7 8. Nxc4 Bb4 9. Be2 0-0 10. 0-0 Qc7 11. Bf3 e5 12. Qb3 a5 13. e4 Be6 14. d5 Nc5 15. Qc2 Bxc3 16. dxe6 Bd4 17. exf7+ Rxf7 18. Ne3 g6 19. Be2 Kg7 20. f3 Qb6 21. Kh1 Nb3 22. Ra3 Nxc1 23. Nc4 Qc5 24. Rxc1 h5 25. Rb3 h4 26. g3 hxg3 27. hxg3 Rh8+ 28. Kg2 Bxb2 29. Ne3 Qxc2 30. Rxc2 Bd4 31. Nf1 Kf8 32. Bc4 Rfh7 33. f4 Nxe4 34. fxe5 Ng5 35. Rd3 c5 36. Bb5 Ne6 37. Rf3+ Ke7 38. Rf6 Rh1 39. Rxg6 Rg1+ 40. Kf3 Rf8+ 41. Rf6 Rxf6+ 42. exf6+ Bxf6 43. Ke4 Nd4 44. Rf2 Nxb5 45. axb5 a4 46. Ne3 Re1 47. Kd3 Rxe3+ 0-1

[Event "Arab Clubs-chT"]
[Site "Monastir"]
[Date "2013.11.06"]
[Round "4.4"]
[White "Abaeji, Sinan Younus Abdulr"]
[Black "Aknouche, Amer"]
[Result "0-1"]
[WhiteElo "2282"]
[BlackElo "2077"]
[PlyCount "68"]
[EventDate "2013.11.04"]
[EventType "team-tourn"]
[EventRounds "9"]
[EventCountry "TUN"]
[SourceTitle "EXT 2014"]
[Source "ChessBase"]
[SourceDate "2013.11.20"]
[SourceVersion "1"]
[SourceVersionDate "2013.11.20"]
[SourceQuality "1"]
[WhiteTeam "Ittisalat"]
[BlackTeam "CEC"]
[WhiteTeamCountry "IRQ"]
[BlackTeamCountry "ALG"]

1. d4 Nf6 2. c4 c5 3. d5 e6 4. Nc3 exd5 5. cxd5 Bd6 6. Nf3 0-0 7. Bg5 h6 8. Bh4 Re8 9. e3 a6 10. a4 Bc7 11. Qc2 d6 12. Be2 Bg4 13. h3 Bxf3 14. Bxf3 Nbd7 15. Rd1 Ba5 16. 0-0 Rb8 17. Be2 Bxc3 18. bxc3 b5 19. Rfe1 g5 20. Bg3 Ne4 21. Bh2 Qf6 22. Bg4 Nb6 23. axb5 axb5 24. Rd3 Qe7 25. Bf5 Nc4 26. f3 Nf6 27. e4 Ne5 28. Rd2 Nh5 29. Rf1 Nc4 30. Re2 Nf4 31. Ree1 b4 32. g3 b3 33. Qd1 Nb2 34. gxf4 Nxd1 0-1

[Event "Arab Clubs-chT"]
[Site "Monastir"]
[Date "2013.11.05"]
[Round "3.4"]
[White "Asri, Sofiane"]
[Black "Abaeji, Sinan Younus Abdulr"]
[Result "1-0"]
[WhiteElo "2074"]
[BlackElo "2282"]
[PlyCount "120"]
[EventDate "2013.11.04"]
[EventType "team-tourn"]
[EventRounds "9"]
[EventCountry "TUN"]
[SourceTitle "EXT 2014"]
[Source "ChessBase"]
[SourceDate "2013.11.20"]
[SourceVersion "1"]
[SourceVersionDate "2013.11.20"]
[SourceQuality "1"]
[WhiteTeam "Sfax"]
[BlackTeam "Ittisalat"]
[WhiteTeamCountry "TUN"]
[BlackTeamCountry "IRQ"]

1. e4 c5 2. Nf3 e6 3. d4 cxd4 4. Nxd4 a6 5. Bd3 Qb6 6. Nb3 Qc7 7. Nc3 Nf6 8. f4 d6 9. Be3 b5 10. Qe2 Bb7 11. Bf2 Be7 12. Nd4 Nc6 13. 0-0-0 Nxd4 14. Bxd4 e5 15. Be3 Qa5 16. a3 b4 17. axb4 Qxb4 18. Bd2 Qa5 19. Kb1 Qc7 20. g4 Nd7 21. Rhf1 0-0 22. f5 Rfc8 23. g5 Bf8 24. Qh5 Rab8 25. Rf3 g6 26. Qh4 Bg7 27. Rh3 h5 28. gxh6 Bf6 29. Qg4 Kh7 30. fxg6+ fxg6 31. Rf1 Rg8 32. Qe6 Rbf8 33. Rhf3 Nc5 34. Qc4 Qe7 35. Bg5 Nd7 36. h4 Rf7 37. Nd5 Bxd5 38. exd5 Rff8 39. Qc7 Bxg5 40. hxg5 Rxf3 41. Rxf3 Re8 42. Bxa6 e4 43. Rf1 Ne5 44. Qxe7+ Rxe7 45. Rf6 Nf3 46. Re6 Ra7 47. Bb5 Nxg5 48. Rxd6 e3 49. Rc6 Ne4 50. c3 Ra5 51. Bd3 e2 52. Bxe2 Rxd5 53. Kc1 Ng3 54. Bc4 Rd7 55. b4 Ne4 56. Kb2 Rd2+ 57. Kb3 Rf2 58. Bd3 Nd2+ 59. Ka4 Kxh6 60. b5 Rf8 1-0

[Event "IRQ-ch final first Stage"]
[Site "Baghdad"]
[Date "2013.10.10"]
[Round "3"]
[White "Qambar, Salah Noori Qambar"]
[Black "Abaeji, Sinan Younus Abdulr"]
[Result "0-1"]
[WhiteElo "2063"]
[BlackElo "2287"]
[PlyCount "100"]
[EventDate "2013.10.09"]
[EventType "swiss"]
[EventRounds "9"]
[EventCountry "IRQ"]
[SourceTitle "EXT 2018"]
[Source "ChessBase"]
[SourceDate "2017.10.13"]
[SourceVersion "1"]
[SourceVersionDate "2017.10.13"]
[SourceQuality "1"]

1. d4 d5 2. Nf3 Nf6 3. g3 Bf5 4. Bg2 e6 5. 0-0 c5 6. c4 Nc6 7. Qa4 Qb6 8. e3 Bd3 9. Rd1 Bxc4 10. Nc3 cxd4 11. Nxd4 Qa6 12. Qc2 Nxd4 13. exd4 Qc6 14. b3 Ba6 15. Bb2 Be7 16. Rac1 0-0 17. Qd2 Qd7 18. Qe3 Rfc8 19. Ne2 Rxc1 20. Rxc1 Rc8 21. Nc3 b6 22. h3 Ne8 23. Kh2 Nd6 24. g4 h6 25. Re1 Bf6 26. f4 Nb5 27. Nxb5 Bxb5 28. Rc1 Rxc1 29. Qxc1 g5 30. fxg5 Bxg5 31. Qe1 Qd6+ 32. Kh1 Qf4 33. a4 Ba6 34. Qd1 Qe3 35. b4 Be2 36. Qe1 Bf4 37. Qc3 Qf2 38. Bc1 Bxc1 39. Qxc1 Qxd4 40. Qxh6 Qa1+ 41. Kh2 Qe5+ 42. Kh1 a5 43. bxa5 bxa5 44. Qd2 d4 45. Qb2 Qe3 46. Qb6 Qc1+ 47. Kh2 Qf4+ 48. Kg1 d3 49. Qf2 Qc1+ 50. Kh2 d2 0-1

[Event "IRQ-ch final"]
[Site "Baghdad"]
[Date "2013.08.14"]
[Round "3"]
[White "Abaeji, Sinan Younus Abdulr"]
[Black "Al Saffar, Araz Basim Mohammed"]
[Result "1/2-1/2"]
[WhiteElo "2282"]
[BlackElo "2372"]
[PlyCount "62"]
[EventDate "2013.08.12"]
[EventType "tourn"]
[EventRounds "11"]
[EventCountry "IRQ"]
[SourceTitle "EXT 2018"]
[Source "ChessBase"]
[SourceDate "2017.10.13"]
[SourceVersion "1"]
[SourceVersionDate "2017.10.13"]
[SourceQuality "1"]

1. d4 d5 2. c4 c6 3. Nc3 Nf6 4. cxd5 cxd5 5. Bf4 Nc6 6. e3 a6 7. Bd3 Bg4 8. f3 Bh5 9. Qb3 Na5 10. Qa4+ Nc6 11. Qb3 Ra7 12. Nge2 e6 13. 0-0 Bd6 14. Bxd6 Qxd6 15. e4 dxe4 16. Nxe4 Nxe4 17. Bxe4 Nxd4 18. Nxd4 Qxd4+ 19. Kh1 0-0 20. Rfd1 Qe5 21. Qb6 Raa8 22. Bxb7 Rab8 23. a4 Bg6 24. a5 Bc2 25. Rd7 h5 26. Qb4 Qf5 27. Qd2 Qb5 28. Bxa6 Qxb2 29. Re1 Ba4 30. Qxb2 Rxb2 31. Rc7 Ra8 1/2-1/2

[Event "IRQ-ch final"]
[Site "Baghdad"]
[Date "2013.08.14"]
[Round "2"]
[White "Ahmed, Ali Layth Ahmed"]
[Black "Abaeji, Sinan Younus Abdulr"]
[Result "1-0"]
[WhiteElo "2299"]
[BlackElo "2282"]
[PlyCount "49"]
[EventDate "2013.08.12"]
[EventType "tourn"]
[EventRounds "11"]
[EventCountry "IRQ"]
[SourceTitle "EXT 2018"]
[Source "ChessBase"]
[SourceDate "2017.10.13"]
[SourceVersion "1"]
[SourceVersionDate "2017.10.13"]
[SourceQuality "1"]

1. d4 d5 2. c4 dxc4 3. e3 Nf6 4. Bxc4 e6 5. Nf3 c5 6. 0-0 a6 7. Qe2 b5 8. Bb3 Bb7 9. Rd1 Qc7 10. Nc3 Nbd7 11. d5 exd5 12. Nxd5 Nxd5 13. Bxd5 Bxd5 14. Rxd5 Be7 15. e4 Nb6 16. Rh5 g6 17. Rh3 f6 18. Bd2 Qc6 19. e5 0-0-0 20. Rc1 Rd7 21. exf6 Bxf6 22. Ne5 Rxd2 23. Qg4+ Kb7 24. Nxc6 Kxc6 25. Qe4+ 1-0

[Event "IRQ-ch final"]
[Site "Baghdad"]
[Date "2013.08.13"]
[Round "1"]
[White "Abaeji, Sinan Younus Abdulr"]
[Black "Mohammed, Zozek Salah Mohamme"]
[Result "1-0"]
[WhiteElo "2282"]
[BlackElo "2272"]
[PlyCount "74"]
[EventDate "2013.08.12"]
[EventType "tourn"]
[EventRounds "11"]
[EventCountry "IRQ"]
[SourceTitle "EXT 2018"]
[Source "ChessBase"]
[SourceDate "2017.10.13"]
[SourceVersion "1"]
[SourceVersionDate "2017.10.13"]
[SourceQuality "1"]

1. d4 Nf6 2. c4 c5 3. d5 e6 4. Nc3 exd5 5. cxd5 d6 6. e4 g6 7. Bd3 Bg7 8. Nf3 0-0 9. h3 a6 10. a4 Re8 11. 0-0 Nbd7 12. Bf4 Qe7 13. Re1 Nh5 14. Bh2 Be5 15. Nxe5 dxe5 16. Qd2 Qd6 17. Nd1 b6 18. Ne3 Rb8 19. Be2 Nf4 20. Bg4 h5 21. Bxd7 Qxd7 22. Bxf4 exf4 23. Nc4 f3 24. Qf4 Bb7 25. Qxf3 b5 26. Nb6 Qd6 27. a5 Re5 28. Qd3 g5 29. Qf3 h4 30. Qg4 Rbe8 31. f4 Rxe4 32. Qxg5+ Kf8 33. Rxe4 Rxe4 34. Qxh4 Qxf4 35. Qh8+ Ke7 36. Rf1 Qe3+ 37. Kh2 Rf4 1-0

[Event "IRQ-ch"]
[Site "Sulaymaniyah"]
[Date "2012.03.22"]
[Round "8"]
[White "Abaeji, Sinan Younus Abdulr"]
[Black "Bahzad, Zeealdeen Mawlud"]
[Result "1/2-1/2"]
[WhiteElo "2240"]
[BlackElo "2118"]
[PlyCount "152"]
[EventDate "2012.03.17"]
[EventType "tourn"]
[EventRounds "9"]
[EventCountry "IRQ"]
[SourceTitle "EXT 2013"]
[Source "ChessBase"]
[SourceDate "2012.11.22"]
[SourceVersion "1"]
[SourceVersionDate "2012.11.22"]
[SourceQuality "1"]

1. d4 d5 2. c4 e6 3. Nc3 Nf6 4. Bg5 Be7 5. cxd5 exd5 6. Nf3 0-0 7. Bxf6 Bxf6 8. e3 b6 9. Bd3 Be6 10. Qc2 h6 11. Nb5 c6 12. Nc3 c5 13. 0-0 Nc6 14. Qa4 Nb4 15. Be2 a5 16. a3 Na6 17. Bxa6 Rxa6 18. Rfd1 Qa8 19. Ne5 Bxe5 20. dxe5 Rd8 21. Rd2 Ra7 22. Rad1 Rad7 23. Ne2 Qa6 24. h3 b5 25. Qf4 b4 26. Rc1 Qb6 27. Qg3 d4 28. exd4 cxd4 29. Nf4 Bf5 30. Re1 Kh7 31. Qb3 Be6 32. Qd3+ Kh8 33. Nh5 bxa3 34. bxa3 Qb3 35. Qe4 Qxa3 36. Rd3 Qf8 37. Rg3 d3 38. Rd1 d2 39. Kh2 Rd4 40. Qe2 a4 41. Qe3 Bb3 42. Nxg7 Qxg7 43. Rxg7 Kxg7 44. Qg3+ Kf8 45. Rxd2 Rxd2 46. Qh4 R8d4 47. Qxh6+ Ke7 48. Qc6 Rc4 49. Qf6+ Ke8 50. e6 fxe6 51. Qxe6+ Kd8 52. Qb6+ Kc8 53. Qa6+ Kd7 54. Qb7+ Kd6 55. Qb6+ Rc6 56. Qe3 Kd7 57. Qa7+ Rc7 58. Qa5 Rd5 59. Qa8 Rc2 60. h4 Rdd2 61. Qb7+ Ke6 62. Qb6+ Kd5 63. Qb5+ Kd4 64. Qb4+ Kd3 65. Qb5+ Kc3 66. Qe5+ Kb4 67. Qe7+ Kc4 68. Qc7+ Kd3 69. Qd6+ Ke2 70. Qe5+ Kxf2 71. h5 Re2 72. Qf6+ Ke1 73. Qa1+ Kd2 74. Qd4+ Kc1 75. Qa1+ Kd2 76. Qd4+ Kc1 1/2-1/2

[Event "IRQ-ch"]
[Site "Sulaymaniyah"]
[Date "2012.03.20"]
[Round "6"]
[White "Abaeji, Sinan Younus Abdulr"]
[Black "Ares, Saber Majeed"]
[Result "1-0"]
[WhiteElo "2240"]
[BlackElo "2142"]
[PlyCount "65"]
[EventDate "2012.03.17"]
[EventType "tourn"]
[EventRounds "9"]
[EventCountry "IRQ"]
[SourceTitle "EXT 2013"]
[Source "ChessBase"]
[SourceDate "2012.11.22"]
[SourceVersion "1"]
[SourceVersionDate "2012.11.22"]
[SourceQuality "1"]

1. d4 Nf6 2. c4 e6 3. Nf3 b6 4. Nc3 Bb7 5. Bg5 Be7 6. e3 0-0 7. Bd3 h6 8. Bh4 d5 9. Bxf6 Bxf6 10. cxd5 exd5 11. 0-0 Nd7 12. Qb3 c6 13. Rac1 Re8 14. Rfe1 Nf8 15. Ne2 Ne6 16. Nf4 Ng5 17. Nxg5 Bxg5 18. Qd1 Qd6 19. Nh3 Bf6 20. Qh5 Bc8 21. Nf4 Bd7 22. Qf3 g6 23. b4 Bg7 24. b5 Rad8 25. bxc6 Bxc6 26. Red1 Ba4 27. Bc2 Bc6 28. Bb1 a5 29. a4 Re7 30. Rc3 Bb7 31. Rdc1 Red7 32. Bd3 Bf8 33. Qg3 1-0

[Event "IRQ-ch"]
[Site "Sulaymaniyah"]
[Date "2012.03.17"]
[Round "1"]
[White "Abaeji, Sinan Younus Abdulr"]
[Black "Nameer, Noor Al Deen"]
[Result "0-1"]
[WhiteElo "2240"]
[BlackElo "2228"]
[PlyCount "97"]
[EventDate "2012.03.17"]
[EventType "tourn"]
[EventRounds "9"]
[EventCountry "IRQ"]
[SourceTitle "EXT 2013"]
[Source "ChessBase"]
[SourceDate "2012.11.22"]
[SourceVersion "1"]
[SourceVersionDate "2012.11.22"]
[SourceQuality "1"]

1. d4 Nf6 2. c4 g6 3. Nc3 Bg7 4. e4 d6 5. Nf3 0-0 6. Be2 c5 7. 0-0 cxd4 8. Nxd4 Nc6 9. Be3 Bd7 10. Qd2 Qa5 11. f3 Rfc8 12. Rfd1 a6 13. Nc2 Ne5 14. b4 Qd8 15. c5 dxc5 16. bxc5 Qa5 17. Nd5 Qxd2 18. Rxd2 Nxd5 19. exd5 Bb5 20. Rb1 Bxe2 21. Rxe2 Nc4 22. Bf2 Rc7 23. Rb4 Nb2 24. Rb3 Rac8 25. Bd4 Na4 26. Bxg7 Kxg7 27. c6 bxc6 28. dxc6 Rxc6 29. Nb4 Rc1+ 30. Kf2 Nc5 31. Ra3 e6 32. Nd3 Nxd3+ 33. Rxd3 Kf6 34. Rdd2 R8c5 35. Rb2 a5 36. Red2 g5 37. Re2 Rd1 38. Red2 Rxd2+ 39. Rxd2 Rb5 40. Ke3 h5 41. Rc2 Ke5 42. h3 f5 43. Kd3 h4 44. Ke3 a4 45. Rc4 Rb2 46. Rxa4 Rxg2 47. Ra5+ Kf6 48. Ra8 Rh2 49. Rf8+ 0-1

[Event "Baghdad op 1st"]
[Site "Baghdad"]
[Date "2011.11.09"]
[Round "3"]
[White "Ares, Saber Majeed"]
[Black "Abaeji, Sinan Younus Abdulr"]
[Result "1/2-1/2"]
[WhiteElo "2110"]
[BlackElo "2217"]
[PlyCount "60"]
[EventDate "2011.11.08"]
[EventType "swiss"]
[EventRounds "9"]
[EventCountry "IRQ"]
[SourceTitle "CBM 145 Extra"]
[Source "ChessBase"]
[SourceDate "2012.01.03"]
[SourceVersion "1"]
[SourceVersionDate "2012.01.03"]
[SourceQuality "1"]

1. d4 d5 2. Nf3 Nf6 3. g3 e6 4. Bg2 c5 5. 0-0 cxd4 6. Nxd4 Bc5 7. Be3 Qe7 8. c4 0-0 9. Nc2 Nc6 10. cxd5 exd5 11. Nc3 Bxe3 12. Nxe3 d4 13. Ncd5 Nxd5 14. Nxd5 Qe5 15. e3 dxe3 16. Nxe3 Qxb2 17. Qa4 Be6 18. a3 Qb6 19. Rab1 Qc7 20. Nd5 Bxd5 21. Bxd5 Rad8 22. Bg2 Rd4 23. Qb5 Na5 24. Rfc1 Qd8 25. Bxb7 Nxb7 26. Qxb7 Qa5 27. Rc8 Rdd8 28. Qc7 Qf5 29. Rxd8 Qxb1+ 30. Kg2 Qe4+ 1/2-1/2